| 000 | 00527nam a22001937a 4500 | ||
|---|---|---|---|
| 005 | 20251108165824.0 | ||
| 008 | 250721s1982 xx 000 0 ara d | ||
| 082 | 1 | 4 | _aم/503/أحم |
| 100 | 1 | _aزكي، أحمد | |
| 245 | 1 | 0 | _aفي سبيل موسوعة علمية / |
| 250 | _aط3 .، منقحة | ||
| 264 | 1 |
_aالقاهرة : _bدار الشروق، _c1982. |
|
| 300 | _a599ص : مص | ||
| 650 | 1 | 7 | _aالعلم |
| 650 | 1 | 7 | _aالموسوعات |
| 650 | 1 | 7 | _aالقواميس |
| 942 |
_2ddc _cREF |
||
| 999 |
_c32192 _d32192 |
||